Statistiques concernant Pokemon 1ere generation (FR)

Cliquez ici pour prendre le quiz!

Statistiques générales

  • Ce quiz a été pris 312 fois
  • Le résultat moyen est 68 sur 151

Statistiques - réponses

Hint Answer % Correct
4Salameche
93%
25Pikachu
88%
7Carapuce
88%
1Bulbizarre
86%
9Tortank
86%
2Herbizarre
81%
3Florizarre
79%
5Reptincel
79%
26Raichu
79%
6Dracaufeu
78%
151Mew
78%
8Carabaffe
78%
148Draco
76%
17Roucoups
75%
150Mewtwo
74%
16Roucool
73%
18Roucarnage
72%
10Chenipan
72%
13Aspicot
72%
12Papilusion
71%
11Chrysacier
69%
14Coconfort
66%
19Rattata
63%
147Minidraco
60%
20Rattatac
60%
146Sulfura
60%
74Racaillou
59%
39Rondoudou
59%
149Dracolosse
59%
15Dardagnan
59%
144Artikodin
58%
21Piafabec
57%
95Onix
55%
52Miaouss
54%
22Rapasdepic
54%
23Abo
53%
120Stari
53%
129Magicarpe
52%
76Grolem
52%
24Arbok
52%
75Gravalanch
51%
63Abra
50%
134Aquali
50%
143Ronflex
50%
121Staross
50%
130Leviator
50%
133Evoli
50%
145Electhor
50%
93Spectrum
49%
136Pyroli
49%
67Machopeur
49%
66Machoc
49%
118Poissirene
48%
65Alakazam
48%
64Kadabra
48%
40Grodoudou
48%
92Fantominus
46%
135Voltali
46%
43Mystherbe
45%
109Smogo
45%
50Taupiqueur
45%
38Feunard
45%
37Goupix
45%
110Smogogo
44%
34Nidoking
44%
69Chetiflor
44%
53Persian
44%
30Nidorina
43%
31Nidoqueen
43%
77Ponyta
43%
33Nidorino
43%
128Tauros
43%
94Ectoplasma
43%
68Mackogneur
43%
59Arcanin
42%
126Magmar
42%
58Caninos
42%
70Boustiflor
42%
125Elektek
41%
123Insecateur
41%
35Melofee
41%
71Empiflor
41%
44Ortide
40%
100Voltorbe
39%
101Electrode
39%
124Lippoutou
39%
82Magneton
39%
78Galopa
39%
36Melodelfe
39%
45Rafflesia
39%
113Leveinard
38%
89Grotadmorv
38%
81Magneti
38%
88Tadmorv
37%
28Sablaireau
36%
27Sabelette
36%
32Nidoran M
36%
42Nosferalto
36%
122M.Mime
36%
41Nosferapti
36%
131Lokhlass
35%
138Amonita
35%
48Mimitoss
35%
29Nidoran F
35%
140Kabuto
34%
142Ptera
34%
54Psykokwak
34%
51Triopikeur
34%
141Kabutops
33%
55Akwakwak
33%
84Doduo
33%
83Canarticho
32%
49Aeromite
32%
132Metamorph
32%
85Dodrio
32%
139Amonistar
32%
107Tygnon
32%
106Kicklee
31%
137Porygon
31%
87Lamantine
30%
86Otaria
30%
73Tentacruel
30%
72Tentacool
29%
115Kangourex
29%
46Paras
28%
47Parasect
28%
79Ramoloss
27%
60Ptitard
27%
62Tartard
27%
127Scarabrute
27%
56Ferosinge
27%
116Hypotrempe
26%
57Colossinge
26%
111Rhinocorne
26%
108Excelangue
26%
61Tetarte
26%
112Rhinoferos
25%
114Saquedeneu
25%
102Noeunoeuf
24%
80Flagadoss
24%
96Soporifik
24%
104Osselait
24%
117Hypocean
24%
105Ossatueur
24%
103Noadkoko
23%
97Hypnomade
23%
91Crustabri
22%
98Krabby
20%
99Krabboss
19%
90Kokiyas
19%
119Poissiroy
9%

Distribution des résultats

Percentile by Number Answered

% des personnes avec chaque résultat

Votre développement - résultats

Vous n’avez pas pris ce quiz